A contextualist model of professional attainment : results of a longitudinal study of career paths of men and women (Record no. 64971)

MARC details
000 -CABECERA
campo de control de longitud fija 00712nam a2200241 a 4500
005 - FECHA Y HORA DE LA ÚLTIMA TRANSACCIÓN
campo de control 20210219152950.0
008 - ELEMENTOS DE LONGITUD FIJA--INFORMACIÓN GENERAL
campo de control de longitud fija 991125n 000 0 u
035 ## - NÚMERO DE CONTROL DEL SISTEMA
Número de control de sistema UPN01000069397
100 1# - ASIENTO PRINCIPAL--NOMBRE PERSONAL
Nombre de persona Polle, Millicent E
222 ## - TÍTULO CLAVE
Título clave COUNSELING PSYCHOLOGIST
245 ## - MENCIÓN DE TÍTULO
Título A contextualist model of professional attainment : results of a longitudinal study of career paths of men and women
300 ## - DESCRIPCIÓN FÍSICA
Extensión 603-624
362 0# - FECHAS DE PUBLICACIÓN Y/O DESIGNACIÓN SECUENCIAL
Fecha de publicación y/o designación secuencial 1991 Vol. 19, no. 4
653 0# - TERMINO DE INDIZACION - NO CONTROLADO
Término no controlado PRACTICA PROFESIONAL
653 0# - TERMINO DE INDIZACION - NO CONTROLADO
Término no controlado DIFERENCIAS SEXUALES
653 0# - TERMINO DE INDIZACION - NO CONTROLADO
Término no controlado PROFESIONISTAS
700 1# - ASIENTO SECUNDARIO--NOMBRE DE PERSONAL
Nombre de persona Langan-Fox, Janice,
700 1# - ASIENTO SECUNDARIO--NOMBRE DE PERSONAL
Término indicativo de función/relación coaut.
700 1# - ASIENTO SECUNDARIO--NOMBRE DE PERSONAL
Nombre de persona Ciavarella, Michelle,
700 1# - ASIENTO SECUNDARIO--NOMBRE DE PERSONAL
Término indicativo de función/relación coaut.
904 ## - ELEMENTOS DE DATOS D LOCAL, LDD (RLIN)
a AC
b 007208
905 ## - TIPO DE MATERIAL
Tipo de material Articulo

No items available.